Warhammer Fantasy - Wymień klany z Radu Trzynastu. - Statystyki

Ogólne statystyki
  • Ten quiz został rozwiązany 36 razy
  • Średni wynik to 5 z 11
Statystyki odpowiedzi
Klan % Poprawnych
Eshin
89%
Mors
85%
Moulder
85%
Pestilens
78%
Skryre
63%
Skab
19%
Flem
11%
Skarr
11%
Verms
7%
Skaul
4%
Sleekit
4%
Nie znaleziono quizów pasujących do podanych kryteriów
Rozkład punktacji
Procent ludzi z każdym wynikiem
Percentyl według liczby udzielonych odpowiedzi
Twoja historia wyników
Nie rozwiązałeś tego quizu